000 00291nam a2200109Ia 4500
008 220624s9999 xx 000 0 und d
020 _a0 534 90526 0
082 _aEF
100 _aAchebe, Chinua
_91515
245 0 _aTHINGS FALL APART
942 _cBK
_w561
_xJohn Tresidder
_y
_zCRON CRON
999 _c688082
_d688081